[Event "XIII TCh-RUS 1st League"]
[Site "Sochi RUS"]
[Date "2006.04.25"]
[Round "6"]
[White "Gubajdullin,A"]
[Black "Airapetian,G"]
[Result "1-0"]
[WhiteElo "2413"]
[BlackElo "2277"]
[EventDate "2006.04.20"]

1. f4 d5 2. Nf3 Nf6 3. g3 g6 4. b4 a5 5. b5 Bg7 6. Bb2 a4 7. Na3 O-O 8. Bg2
c5 9. bxc6 bxc6 10. c4 Bf5 11. Qc1 Qb6 12. Bd4 c5 13. Be5 Nc6 14. cxd5 Nxd5
15. Nc4 Qd8 16. Bxg7 Kxg7 17. d3 Nd4 18. Nxd4 cxd4 19. Qb2 Nc3 20. Bxa8
Qxa8 21. e4 Bh3 22. Qb6 Rd8 23. Qa5 Qc8 24. Qe5+ Kg8 25. Kf2 Qb7 26. g4
Bxg4 27. Qa5 Rc8 28. Rhe1 f5 29. Ne5 Qb2+ 30. Kg3 Ne2+ 31. Rxe2 Qxe2 32.
Re1 Qxa2 33. h3 Bh5 34. Nc4 Qb3 35. Qd5+ Kf8 36. Qxd4 Kg8 37. Qd5+ Kh8 38.
Qd7 Rf8 39. exf5 gxf5 40. Rxe7 Bf7 41. Rxf7 Rxf7 42. Qxf7 Qxd3+ 43. Kh4
Qd8+ 44. Kh5 a3 45. Nxa3 Qd6 46. Qe8+ Kg7 47. Qe5+ 1-0

[Event "XIII TCh-RUS 1st League"]
[Site "Sochi RUS"]
[Date "2006.04.25"]
[Round "6"]
[White "Zakhartsov,V"]
[Black "Ionov,S"]
[Result "1/2-1/2"]
[WhiteElo "2547"]
[BlackElo "2519"]
[EventDate "2006.04.20"]

1. e4 e5 2. Nf3 Nc6 3. Bb5 Bc5 4. c3 Nf6 5. O-O O-O 6. d4 Bb6 7. Re1 exd4
8. e5 Nd5 9. cxd4 d6 10. Bg5 f6 11. exf6 Nxf6 12. h3 h6 13. Bh4 g5 14. Bg3
Nh5 15. Nc3 Nxg3 16. fxg3 g4 17. hxg4 Bxg4 18. Bxc6 bxc6 19. Re4 h5 20. Na4
Qf6 21. Nxb6 axb6 22. Qb3+ Qf7 23. Qe3 Rae8 24. Re1 Rxe4 1/2-1/2

[Event "XIII TCh-RUS 1st League"]
[Site "Sochi RUS"]
[Date "2006.04.25"]
[Round "6"]
[White "Anisimov,P"]
[Black "Panarin,M"]
[Result "1/2-1/2"]
[WhiteElo "2500"]
[BlackElo "2491"]
[EventDate "2006.04.20"]

1. e4 c5 2. Nf3 d6 3. d4 cxd4 4. Nxd4 Nf6 5. Nc3 a6 6. Be3 e5 7. Nb3 Be6 8.
f3 Nbd7 9. Qd2 Be7 10. g4 Nb6 11. g5 Nh5 12. O-O-O O-O 13. Rg1 Qc7 14. Qf2
Bd8 15. Kb1 Rc8 16. Qd2 Be7 17. Qf2 1/2-1/2

[Event "XIII TCh-RUS 1st League"]
[Site "Sochi RUS"]
[Date "2006.04.25"]
[Round "6"]
[White "Lanin,A"]
[Black "Kryakvin,D"]
[Result "0-1"]
[WhiteElo "2447"]
[BlackElo "2472"]
[EventDate "2006.04.20"]

1. e4 c5 2. Nf3 g6 3. d4 cxd4 4. Nxd4 Bg7 5. c4 Nc6 6. Be3 Nf6 7. Nc3 O-O
8. Be2 d6 9. O-O Nxd4 10. Bxd4 Bd7 11. Qd2 Bc6 12. Bd3 a5 13. b3 Nd7 14.
Bxg7 Kxg7 15. Rfe1 Nc5 16. Bc2 b6 17. Re3 e5 18. Rd1 Nb7 19. a3 Qg5 20. g3
Rfc8 21. Qc1 Qe7 22. Red3 Nc5 23. Rxd6 Ne6 24. Qe3 Nd4 25. R1xd4 exd4 26.
Qxd4+ f6 27. b4 axb4 28. axb4 Ra1+ 29. Nb1 Qe5 30. Qxe5 fxe5 31. Kg2 Bb5
32. Bd3 Bxc4 33. Nc3 Bxd3 34. Rxd3 Ra7 35. Nb5 Re7 36. Nd6 Rc2 37. Rd5 Kf6
38. h4 Ke6 39. Nb5 Rd7 40. Na3 Rc3 41. Nb5 Rc4 42. f4 Rxd5 43. exd5+ Kxd5
0-1

[Event "XIII TCh-RUS 1st League"]
[Site "Sochi RUS"]
[Date "2006.04.25"]
[Round "6"]
[White "Karpov,Va"]
[Black "Ivanov,Al3"]
[Result "0-1"]
[WhiteElo "2391"]
[BlackElo "2375"]
[EventDate "2006.04.20"]

1. Nf3 Nf6 2. c4 e6 3. d4 d5 4. Nc3 dxc4 5. e3 a6 6. a4 c5 7. Bxc4 Nc6 8.
O-O Be7 9. Qe2 cxd4 10. Rd1 e5 11. exd4 exd4 12. Nxd4 Nxd4 13. Qe3 O-O 14.
Rxd4 Qc7 15. Qf4 Qxf4 16. Bxf4 Bf5 17. Rad1 Rac8 18. Bb3 Bc5 19. R4d2 Bb4
20. Bd6 Bxc3 21. bxc3 Ne4 22. Bxf8 Nxd2 23. Rxd2 Kxf8 24. c4 Be6 25. Kf1 b5
26. axb5 axb5 27. Ke2 bxc4 28. Bc2 Ke7 29. Ke3 Ra8 30. f4 g6 31. Re2 Kd6
32. Kd4 Ra1 33. Rf2 Bd5 34. g3 Re1 35. Rd2 Rf1 36. Re2 h5 37. Re5 Be6 38.
Ke3 Rh1 0-1

[Event "XIII TCh-RUS 1st League"]
[Site "Sochi RUS"]
[Date "2006.04.25"]
[Round "6"]
[White "Lovkov,R"]
[Black "Khlian,E"]
[Result "0-1"]
[WhiteElo "2371"]
[BlackElo "2474"]
[EventDate "2006.04.20"]

1. e4 c6 2. d4 d5 3. e5 Bf5 4. Nf3 e6 5. Be2 Ne7 6. O-O Nd7 7. c3 h6 8.
Nbd2 Bh7 9. g3 c5 10. a3 cxd4 11. cxd4 Rc8 12. Ne1 Nc6 13. Ndf3 Na5 14. Qa4
a6 15. b4 Nc4 16. Nd3 Qb6 17. Nc5 Bxc5 18. dxc5 Qc7 19. Nd4 Ncxe5 20. Bf4
O-O 21. Rfe1 g5 22. Be3 Nd3 23. Rf1 e5 24. Nf3 d4 25. Bd2 Qc6 26. Qb3 Qe4
27. Bd1 Rc6 28. Ne1 Nxe1 29. Rxe1 Qd3 30. Qb2 Re8 31. Rc1 Nf6 32. f3 g4 33.
Be2 Qf5 34. Rf1 gxf3 35. Rxf3 Qh3 36. g4 Qh4 37. Be1 Qg5 38. h4 Qg7 39. Rg3
Kh8 40. a4 Nd5 41. b5 axb5 42. axb5 Rcc8 43. Bf3 e4 44. Bg2 d3 45. Qf2 e3
46. Qa2 Nf4 47. Bc3 f6 48. Bf3 Rxc5 49. Qb2 Rec8 50. Kh2 d2 51. Rc2 Nd3 52.
Qa1 Kg8 53. g5 Ne5 54. Bxe5 Rxc2 55. Bd5+ Kh8 56. gxf6 d1=Q+ 57. Rg2 Rxg2+
58. Bxg2 Qxg2+ 0-1

[Event "XIII TCh-RUS 1st League"]
[Site "Sochi RUS"]
[Date "2006.04.25"]
[Round "6"]
[White "Sambuev,B"]
[Black "Chernyshov,K"]
[Result "1/2-1/2"]
[WhiteElo "2489"]
[BlackElo "2544"]
[EventDate "2006.04.20"]

1. Nf3 Nf6 2. c4 b6 3. g3 Bb7 4. Bg2 e6 5. O-O Be7 6. Nc3 O-O 7. Re1 d5 8.
cxd5 exd5 9. d4 Na6 10. Bg5 c5 11. Rc1 Re8 12. dxc5 Nxc5 13. Nd4 Ne6 14.
Nxe6 fxe6 15. e4 Nxe4 16. Nxe4 dxe4 17. Bxe7 Qxd1 18. Rcxd1 Rxe7 19. Bxe4
Bxe4 20. Rxe4 Rc8 21. Re2 Kf7 22. Rd6 Rc5 23. h4 Kf6 24. Kg2 Re5 25. Red2
Rc7 26. Rd8 Rec5 27. Rf8+ Ke7 28. Ra8 Kf6 29. b3 Rd5 30. Re2 Kf7 31. Re3 h5
32. Re2 Ke7 33. Kh3 Kf7 34. Kg2 1/2-1/2

[Event "XIII TCh-RUS 1st League"]
[Site "Sochi RUS"]
[Date "2006.04.25"]
[Round "6"]
[White "Raetsky,A"]
[Black "Slizhevsky,A"]
[Result "0-1"]
[WhiteElo "2414"]
[BlackElo "2435"]
[EventDate "2006.04.20"]

1. d4 Nf6 2. c4 g6 3. Bg5 Bg7 4. Nc3 c5 5. d5 O-O 6. e4 d6 7. Qd2 e6 8. Nf3
exd5 9. exd5 Re8+ 10. Be2 Na6 11. O-O Nc7 12. h3 Qe7 13. Rae1 Qf8 14. Bd3
Bd7 15. Bxf6 Bxf6 16. Ne4 Be7 17. Qf4 Bf5 18. g4 Bxe4 19. Rxe4 Qg7 20. Rfe1
Bf8 21. Qd2 Rxe4 22. Rxe4 Re8 23. Rxe8 Nxe8 24. Qe1 Qf6 25. Kg2 Qe7 26.
Qxe7 Bxe7 27. g5 Ng7 28. Kg3 Nh5+ 29. Kg4 Ng7 30. h4 f5+ 31. Kf4 Nh5+ 32.
Ke3 Bf8 33. Be2 Bg7 34. b3 Bb2 35. Kd2 Nf4 36. Bf1 Kf7 37. Be2 Ke7 38. Bd1
Kd8 39. Kc2 Ba1 40. a3 Nh3 41. Kd2 Nxf2 42. Bc2 Bb2 43. a4 Ke7 44. Ke2 Ng4
45. Bb1 Bc3 46. Bc2 Ne5 47. Nh2 Bb2 48. Bb1 Bc1 49. Bc2 Bf4 50. Nf1 Kf7 51.
Bb1 Kg7 52. Bc2 h6 0-1

[Event "XIII TCh-RUS 1st League"]
[Site "Sochi RUS"]
[Date "2006.04.25"]
[Round "6"]
[White "Abasheev,D"]
[Black "Sergienko,S"]
[Result "1/2-1/2"]
[WhiteElo "2440"]
[BlackElo "2456"]
[EventDate "2006.04.20"]

1. e4 c5 2. Nf3 d6 3. d4 cxd4 4. Nxd4 Nf6 5. Nc3 e6 6. g4 h6 7. h3 a6 8.
Be3 b5 9. Bg2 Bb7 10. a3 Nbd7 11. Qe2 g5 12. O-O Ne5 13. f4 gxf4 14. Bxf4
Nfd7 15. Bh1 Be7 16. a4 bxa4 17. Nf3 Ng6 18. Bh2 Nde5 19. Rxa4 O-O 20. Rd4
Qb6 21. Qd2 Rac8 22. Ne2 Nxf3+ 23. Bxf3 Bg5 24. Qb4 Qxb4 25. Rxb4 Ba8 26.
Nc3 Nh4 27. Be2 a5 28. Ra4 d5 29. Bd3 Rfd8 30. Rxa5 Bd2 31. Bg3 dxe4 32.
Rxa8 exd3 33. Rxc8 Rxc8 34. cxd3 Ng6 35. Rd1 Be3+ 36. Kg2 Rc6 37. Kf3 Bd4
38. Ke4 Bf6 39. d4 Rb6 40. Rd2 Rb4 41. Bd6 Rb3 42. Kd3 Bg5 43. Rf2 Bc1 44.
Ba3 Rb7 45. Rc2 Bg5 46. Kc4 Nf4 47. Rh2 h5 48. Bd6 hxg4 49. hxg4 Ng6 50.
Ne4 Be7 51. Bc5 Kg7 52. Rf2 Bh4 53. Rc2 Nf4 54. b4 Nd5 55. Re2 Bd8 56. b5
Kg6 57. Nd6 Rd7 58. Ne4 Rb7 59. Rb2 Rd7 60. Rb3 Rc7 61. Kd3 Rd7 62. Rb1
Nf4+ 63. Kc2 Nd5 64. Kd3 Nf4+ 65. Kc4 Nd5 66. Rb3 Rb7 67. Ra3 Rb8 68. Rb3
1/2-1/2

[Event "XIII TCh-RUS 1st League"]
[Site "Sochi RUS"]
[Date "2006.04.25"]
[Round "6"]
[White "Dashibalov,E"]
[Black "Provotorov,I"]
[Result "0-1"]
[WhiteElo "2256"]
[BlackElo "2333"]
[EventDate "2006.04.20"]

1. e4 e6 2. d4 d5 3. Nc3 Nf6 4. e5 Nfd7 5. f4 c5 6. Nf3 Nc6 7. Be3 cxd4 8.
Nxd4 Bc5 9. Qd2 a6 10. O-O-O O-O 11. Nb3 Bb4 12. Bd3 b5 13. g4 Bb7 14. Rhg1
Na5 15. Nxa5 Qxa5 16. Bd4 Rfc8 17. f5 Bxc3 18. Bxc3 Qxa2 19. Qg5 h6 20. Qh5
Nc5 21. g5 Nxd3+ 22. Kd2 Nf4 23. Qg4 h5 24. Qxf4 Rc4 25. Qe3 Re4 26. Qb6 d4
27. Bxd4 Qc4 28. Kc1 Re2 29. Bc3 Be4 30. Rd2 Rxd2 31. Kxd2 Bxf5 32. Qd4 Qc7
33. Kc1 Rd8 34. Qb4 Qb6 35. Rf1 Qe3+ 36. Bd2 Qe2 37. Re1 Qxh2 38. Qf4 Qg2
39. Qe3 Rc8 40. c3 Qd5 0-1

[Event "XIII TCh-RUS 1st League"]
[Site "Sochi RUS"]
[Date "2006.04.25"]
[Round "6"]
[White "Pokazanjev,N"]
[Black "Belozerov,A"]
[Result "1/2-1/2"]
[WhiteElo "2479"]
[BlackElo "2538"]
[EventDate "2006.04.20"]

1. e4 c5 2. Nf3 e6 3. d4 cxd4 4. Nxd4 a6 5. Bd3 Qb6 6. Nb3 Qc7 7. O-O Nf6
8. c4 d6 9. Nc3 Be7 10. Be3 b6 11. Rc1 Nbd7 12. f3 Bb7 13. Rf2 Rc8 14. Bf1
O-O 15. Rfc2 Qb8 16. Qe1 Rfe8 17. Qf2 Bd8 18. Nd2 Bc7 19. g3 h6 20. b4 d5
21. cxd5 exd5 22. Nxd5 Bxd5 23. exd5 Nxd5 24. Bxa6 Nxb4 25. Bxc8 Rxc8 26.
Ne4 Nxc2 27. Qxc2 Nc5 28. Nxc5 Bd6 29. Qb3 Bxc5 30. Bxc5 bxc5 31. Qxb8
1/2-1/2

[Event "XIII TCh-RUS 1st League"]
[Site "Sochi RUS"]
[Date "2006.04.25"]
[Round "6"]
[White "Maslak,K"]
[Black "Nevostrujev,V"]
[Result "1-0"]
[WhiteElo "2549"]
[BlackElo "2471"]
[EventDate "2006.04.20"]

1. e4 c5 2. Nf3 d6 3. d4 cxd4 4. Nxd4 Nf6 5. Nc3 a6 6. Be2 e5 7. Nb3 Be7 8.
Bg5 O-O 9. Bxf6 Bxf6 10. Qd3 a5 11. a4 Na6 12. Nd5 Be6 13. O-O Nb4 14. Nxb4
axb4 15. Qb5 Qc7 16. Bd3 Rfc8 17. Qxb4 d5 18. exd5 Bxd5 19. Nd2 g6 20. c4
Bc6 21. Ne4 Be7 22. Qb3 f5 23. Nc3 e4 24. Be2 Bc5 25. Nd5 Qe5 26. Nb6 f4
27. Bg4 Rf8 28. Nxa8 e3 29. Nb6 f3 30. g3 e2 31. Nd5 exf1=Q+ 32. Rxf1 Qe4
33. Bh3 g5 34. Qc3 Bd4 35. Qd2 Bg7 36. Rc1 g4 37. Bf1 Bxa4 38. Re1 Qd4 39.
Qxd4 Bxd4 40. b4 Re8 41. Rxe8+ Bxe8 42. h3 gxh3 43. Bxh3 Bf7 44. Ne3 Bc3
45. b5 b6 46. Bf1 Be6 47. Bd3 Bd4 48. Nf1 Bc8 49. Nd2 Bg4 50. Be4 Bc3 51.
Nf1 Be6 52. Bd3 Bc8 53. Nh2 Bb7 54. Bf5 Kg7 55. Bg4 Be4 56. Bxf3 Bd3 57.
Bd5 Kf6 58. f4 Ke7 59. Kf2 Bd4+ 60. Ke1 Bc3+ 61. Kd1 Kd6 62. Ng4 Bg6 63.
Nf2 Kc5 64. Ke2 Kd4 65. Kf3 Bc2 66. g4 h6 67. Be6 Bd2 68. Bf7 Bb3 69. f5
Bg5 70. Bd5 Be7 71. Be6 Bc2 72. Nh3 Bd1+ 73. Kg3 Ke3 74. Bd5 Be2 75. Bf7
Bd1 76. Be6 Be2 77. Bd5 Bf1 78. Ng1 Bd3 79. Nf3 Be2 80. Ne1 Kd4 81. Nc2+
Kd3 82. Ne1+ Kd4 83. Ng2 Bd1 84. Nh4 Be2 85. Ng6 Bf6 86. Nf8 Be7 87. Nd7
Bd6+ 88. Kh4 Ke3 89. f6 Kf4 90. Be6 Bd3 91. f7 Be7+ 92. Kh5 1-0

[Event "XIII TCh-RUS 1st League"]
[Site "Sochi RUS"]
[Date "2006.04.25"]
[Round "6"]
[White "Shuraev,A"]
[Black "Davidov,R"]
[Result "1/2-1/2"]
[WhiteElo "2390"]
[BlackElo "2267"]
[EventDate "2006.04.20"]

1. c4 c5 2. Nc3 Nc6 3. g3 g6 4. Bg2 Bg7 5. Nf3 e6 6. d4 Nxd4 7. Nxd4 cxd4
8. Ne4 Ne7 9. Nd6+ Kf8 10. Nxb7 Bxb7 11. Bxb7 Rb8 12. Bg2 h6 13. O-O Kg8
14. b3 Kh7 15. Bb2 Qb6 16. Qd2 Rhd8 17. Rfd1 Nc6 18. Rac1 Qa6 19. Ba1 d5
20. cxd5 exd5 21. Rc5 Nb4 22. Bxd4 Bxd4 23. Qxd4 Qxa2 24. Rc7 Kg8 25. Qf6
Rf8 26. Ra1 Qxb3 27. Raxa7 Qb1+ 28. Bf1 Qf5 29. Qxf5 gxf5 30. Bh3 Kg7 31.
Bxf5 Kf6 32. g4 Rb6 33. Kg2 Nc6 34. Ra3 Nd4 35. Bd3 Ne6 36. Rd7 Rd8 37.
Rxd8 Nxd8 38. f4 Ne6 39. Kg3 Rc6 40. h4 Nc5 41. g5+ Kg7 42. f5 Nxd3 43.
Rxd3 Rc2 44. e3 Re2 45. Kf3 Rh2 46. Kg4 Rg2+ 47. Kh5 hxg5 48. hxg5 f6 49.
Rxd5 Rxg5+ 50. Kh4 Kf7 51. e4 Rg1 52. Rd7+ Ke8 53. Ra7 Kf8 54. Kh5 Rg5+ 55.
Kh6 Rg4 56. Ra4 Kf7 57. Kh5 Rg5+ 58. Kh4 Rg1 59. Rb4 Rg2 60. Rb7+ Kf8 61.
Rb3 Ke7 62. Rg3 Re2 63. Rg4 Kd6 64. Kh5 Ke5 65. Kg6 Re1 66. Rh4 Rg1+ 67.
Kf7 Re1 68. Rg4 Re2 1/2-1/2

[Event "XIII TCh-RUS 1st League"]
[Site "Sochi RUS"]
[Date "2006.04.26"]
[Round "7"]
[White "Kosyrev,V"]
[Black "Yudin,S"]
[Result "1-0"]
[WhiteElo "2546"]
[BlackElo "2442"]
[EventDate "2006.04.20"]

1. d4 d5 2. c4 e6 3. Nc3 c6 4. e4 dxe4 5. Nxe4 Bb4+ 6. Bd2 Qxd4 7. Bxb4
Qxe4+ 8. Be2 Na6 9. Bd6 b6 10. Nf3 Bb7 11. O-O Rd8 12. Ng5 Qf5 13. f4 Ne7
14. Bh5 O-O 15. g4 Qf6 16. Qc2 Ng6 17. Bxf8 Rxf8 18. Bxg6 hxg6 19. Rad1 c5
20. Qb3 Nb8 21. Qh3 Re8 22. Rf2 e5 23. Qh7+ Kf8 24. Qh4 Qc6 25. Rd5 Qc7 26.
Qh8+ Ke7 27. Rxe5+ Qxe5 28. Qxe8+ 1-0

[Event "XIII TCh-RUS 1st League"]
[Site "Sochi RUS"]
[Date "2006.04.26"]
[Round "7"]
[White "Kuligin,E"]
[Black "Kazhgaleyev,M"]
[Result "0-1"]
[WhiteElo "2334"]
[BlackElo "2600"]
[EventDate "2006.04.20"]

1. d4 d5 2. c4 c6 3. Nf3 Nf6 4. Nc3 dxc4 5. a4 Bf5 6. Ne5 Nbd7 7. Nxc4 Qc7
8. g3 e5 9. dxe5 Nxe5 10. Bf4 Nfd7 11. Bg2 g5 12. Ne3 gxf4 13. Nxf5 O-O-O
14. gxf4 Nc5 15. Qc2 Nc4 16. Rd1 Rxd1+ 17. Nxd1 Qa5+ 18. Nc3 Nxb2 19. O-O
Nbxa4 20. Ne4 Qc7 21. Rd1 Qxf4 22. Nxc5 Nxc5 23. Qc3 Rg8 24. Qf6 Qg5 25.
Rd8+ Kc7 0-1

[Event "XIII TCh-RUS 1st League"]
[Site "Sochi RUS"]
[Date "2006.04.26"]
[Round "7"]
[White "Dobrov,V"]
[Black "Pogromsky,M"]
[Result "1/2-1/2"]
[WhiteElo "2510"]
[BlackElo "2363"]
[EventDate "2006.04.20"]

1. d4 Nc6 2. Nf3 d6 3. g3 g6 4. Bg2 Bg7 5. O-O e5 6. dxe5 Nxe5 7. Nxe5 Bxe5
8. c3 Ne7 9. Na3 Bg7 10. Bf4 Bd7 11. Nc4 Bc6 12. e4 b6 13. Re1 O-O 14. Qd2
Qc8 15. Ne3 Re8 16. h4 h5 17. Kh2 Qb7 18. Re2 Bxe4 19. Bxe4 Qxe4 20. Rae1
Qc6 21. Bg5 Qd7 22. Bxe7 Rxe7 23. Nd5 Rxe2 24. Rxe2 c6 25. Re7 Qd8 26. Qf4
f5 27. Qc4 cxd5 28. Qxd5+ Kh8 29. Qb7 Rb8 30. Qxa7 Ra8 1/2-1/2

[Event "XIII TCh-RUS 1st League"]
[Site "Sochi RUS"]
[Date "2006.04.26"]
[Round "7"]
[White "Ogloblin,N"]
[Black "Gubajdullin,A"]
[Result "1-0"]
[WhiteElo "2415"]
[BlackElo "2413"]
[EventDate "2006.04.20"]

1. d4 g6 2. Nf3 Bg7 3. c4 d6 4. Nc3 Nh6 5. h3 f5 6. g4 O-O 7. gxf5 Rxf5 8.
e4 Rh5 9. Ne2 Bg4 10. Bg2 Bxf3 11. Bxf3 Ra5 12. Be3 c5 13. Qd2 Nf7 14. e5
cxd4 15. Nxd4 Nxe5 16. Bd5+ Rxd5 17. cxd5 Qb6 18. Rc1 Qa6 19. Rc8+ Kf7 20.
f4 Nc4 21. Qe2 Nc6 22. Rxa8 Qa5+ 23. Kf2 Bxd4 24. Qxc4 Qd2+ 25. Kf1 Qxe3
26. dxc6+ e6 27. Rh2 d5 28. Qb4 Qxf4+ 29. Ke1 Qe4+ 30. Kd1 Qd3+ 31. Qd2
Qb1+ 32. Ke2 Qe4+ 33. Kf1 bxc6 34. Rf2+ Kg7 35. Qf4 Qh1+ 36. Ke2 Bc5 37.
Rxa7+ 1-0

[Event "XIII TCh-RUS 1st League"]
[Site "Sochi RUS"]
[Date "2006.04.26"]
[Round "7"]
[White "Vorobiov,E"]
[Black "Belikov,V"]
[Result "1/2-1/2"]
[WhiteElo "2540"]
[BlackElo "2552"]
[EventDate "2006.04.20"]

1. d4 d5 2. c4 c6 3. Nf3 Nf6 4. e3 a6 5. Bd3 Bg4 6. Nbd2 e6 7. b3 Nbd7 8.
Bb2 c5 9. O-O Be7 10. Qc2 Rc8 11. Ne5 Bh5 12. Rac1 cxd4 13. exd4 dxc4 14.
bxc4 Nxe5 15. dxe5 Nd7 16. Ne4 Nc5 17. Nxc5 Bxc5 18. Ba3 Bxa3 1/2-1/2

[Event "XIII TCh-RUS 1st League"]
[Site "Sochi RUS"]
[Date "2006.04.26"]
[Round "7"]
[White "Chernyshov,K"]
[Black "Evdokimov,Alexa"]
[Result "0-1"]
[WhiteElo "2544"]
[BlackElo "2486"]
[EventDate "2006.04.20"]

1. d4 Nf6 2. Nf3 g6 3. Nc3 d5 4. Bf4 Bg7 5. Qc1 c5 6. Bh6 O-O 7. Bxg7 Kxg7
8. e3 Nc6 9. Be2 cxd4 10. Nxd4 Nxd4 11. exd4 Qb6 12. Qd2 Qxb2 13. Rb1 Qa3
14. Nb5 Qxa2 15. O-O Ne4 16. Qf4 Qxc2 17. Nc7 Bf5 18. Bf3 Rad8 19. Qe5+ Kg8
20. Nxd5 Rxd5 21. Qxd5 Nc3 22. Rbc1 Nxd5 23. Rxc2 Bxc2 24. Bxd5 b5 25. Ra1
Rd8 26. Bc6 Rxd4 27. Bxb5 Rd1+ 28. Rxd1 Bxd1 29. Ba6 e5 30. f3 Kf8 31. h4
Ke7 32. Kf2 f5 33. g3 Bb3 34. g4 f4 35. g5 Kd6 36. Bd3 a5 37. Ke2 Kc5 38.
Kd2 Kd4 39. h5 gxh5 40. Bxh7 h4 41. Bf5 a4 42. g6 a3 43. Kc1 Ke3 44. Bg4
Kf2 0-1

[Event "XIII TCh-RUS 1st League"]
[Site "Sochi RUS"]
[Date "2006.04.26"]
[Round "7"]
[White "Kovchan,A"]
[Black "Raetsky,A"]
[Result "1-0"]
[WhiteElo "2499"]
[BlackElo "2414"]
[EventDate "2006.04.20"]

1. e4 e5 2. Nf3 Nf6 3. Nxe5 d6 4. Nf3 Nxe4 5. d4 d5 6. Bd3 Bd6 7. O-O O-O
8. c4 c6 9. Qc2 Na6 10. a3 Bg4 11. Ne5 Bh5 12. cxd5 cxd5 13. Nc3 Bxe5 14.
dxe5 Bg6 15. Nxe4 dxe4 16. Bxe4 Rc8 17. Qe2 Bxe4 18. Qxe4 Nc5 19. Qg4 Qd5
20. Be3 Qxe5 21. Bd4 f5 22. Qd1 Qd5 23. b4 Nb3 24. Bxa7 Rfd8 25. Qxd5+ Rxd5
26. Rad1 Nd2 27. Rfe1 Rcd8 28. Rc1 b5 29. Rc7 R5d7 30. Re7 Rxc7 31. Rxc7
Nc4 32. h4 Nxa3 33. Rb7 h5 34. Bc5 Kh7 35. Kh2 Kg6 36. Kg3 Kf6 37. Be7+ 1-0

[Event "XIII TCh-RUS 1st League"]
[Site "Sochi RUS"]
[Date "2006.04.26"]
[Round "7"]
[White "Provotorov,I"]
[Black "Petukhov,D"]
[Result "1/2-1/2"]
[WhiteElo "2333"]
[BlackElo "2315"]
[EventDate "2006.04.20"]

1. c4 Nf6 2. Nc3 d5 3. cxd5 Nxd5 4. Nf3 g6 5. Qa4+ Bd7 6. Qh4 Nxc3 7. dxc3
Nc6 8. Qg3 f6 9. h4 e5 10. h5 g5 11. e4 Qe7 12. Be2 O-O-O 13. O-O Qf7 14.
Nh2 Bd6 15. Be3 h6 16. Bg4 f5 17. Bxf5 Bxf5 18. exf5 Qxh5 19. Qf3 Qxf3 20.
Nxf3 Rdf8 21. g4 h5 22. Nxg5 hxg4 23. Ne4 Rxf5 24. Kg2 Ne7 25. Rh1 Rxh1 26.
Rxh1 Nd5 27. Nxd6+ cxd6 28. Bxa7 Rf3 29. Rh7 b6 30. Kg1 g3 31. fxg3 Rxg3+
32. Kf2 Rd3 33. c4 Nf6 34. Rf7 Nd7 35. Ke2 Rd4 36. b3 Rh4 37. Kd3 Rh2 38.
a4 Nc5+ 39. Kc3 Rh3+ 40. Kc2 Rh2+ 41. Kd1 Rh1+ 1/2-1/2

[Event "XIII TCh-RUS 1st League"]
[Site "Sochi RUS"]
[Date "2006.04.26"]
[Round "7"]
[White "Ionov,S"]
[Black "Baklan,V"]
[Result "1/2-1/2"]
[WhiteElo "2519"]
[BlackElo "2606"]
[EventDate "2006.04.20"]

1. d4 Nf6 2. c4 e6 3. Nf3 b6 4. g3 Ba6 5. b3 Bb7 6. Bg2 Bb4+ 7. Bd2 a5 8.
O-O O-O 9. Nc3 d6 10. Qc2 Nbd7 11. Rfd1 Qe7 12. Re1 c5 13. e4 cxd4 14. Nxd4
Bc5 15. Ndb5 Ng4 16. Rf1 g6 17. h3 Nxf2 18. Rxf2 e5 19. Ne2 f5 20. Raf1
fxe4 21. Be1 Rf3 22. Kh2 Raf8 23. Ng1 Bxf2 24. Rxf2 Nc5 25. Re2 Rd3 26. Nc3
e3 27. Nd5 Qg5 28. h4 Qh6 29. Nh3 Kh8 30. Ng5 Qh5 31. Nxe3 Bxg2 32. Nxg2
Qg4 33. Ne4 Rff3 34. Nxc5 bxc5 35. Rd2 e4 36. Rxd3 exd3 37. Qc3+ Kg8 38.
Qxa5 Qe6 39. Qd2 Qe4 40. a4 Qd4 41. a5 Rf1 42. Ne3 Rf7 43. Bf2 Qe4 44. Kg1
Qd4 45. Nd1 Qe4 46. Ne3 Qd4 47. a6 Qa1+ 48. Kg2 Qb1 49. Qa5 Qb2 50. Nd1
Qxb3 51. Qd8+ Rf8 52. Qxd6 Qxd1 53. Qe6+ Kg7 54. Qe5+ Rf6 55. Qe7+ Rf7 56.
Qe5+ Rf6 1/2-1/2

[Event "XIII TCh-RUS 1st League"]
[Site "Sochi RUS"]
[Date "2006.04.26"]
[Round "7"]
[White "Zontakh,A"]
[Black "Anisimov,P"]
[Result "1/2-1/2"]
[WhiteElo "2553"]
[BlackElo "2500"]
[EventDate "2006.04.20"]

1. e4 c5 2. Nf3 d6 3. d4 cxd4 4. Nxd4 Nf6 5. Nc3 a6 6. Be3 e5 7. Nb3 Be6 8.
f3 Be7 9. Qd2 O-O 10. O-O-O Nbd7 11. g4 Qc7 12. Kb1 b5 13. g5 Nh5 14. Nd5
Bxd5 15. exd5 Nb6 16. Rg1 g6 17. Rg4 Rab8 18. Rb4 Rfc8 19. Na5 Nxd5 20.
Qxd5 Qxa5 21. c3 Qc7 22. Bd3 Qb7 23. Be4 Qxd5 24. Bxd5 a5 25. Rg4 Rc7 26.
a4 Nf4 1/2-1/2

[Event "XIII TCh-RUS 1st League"]
[Site "Sochi RUS"]
[Date "2006.04.26"]
[Round "7"]
[White "Slugin,S"]
[Black "Lanin,A"]
[Result "1/2-1/2"]
[WhiteElo "2411"]
[BlackElo "2447"]
[EventDate "2006.04.20"]

1. e4 c5 2. Nf3 d6 3. Bb5+ Nd7 4. d4 Ngf6 5. Nc3 a6 6. Bxd7+ Nxd7 7. O-O e6
8. Bg5 Qc7 9. d5 e5 10. a4 b6 11. Nd2 f6 12. Be3 Be7 13. Qh5+ g6 14. Qh6
Bf8 15. Qh4 Bg7 16. Bh6 1/2-1/2

[Event "XIII TCh-RUS 1st League"]
[Site "Sochi RUS"]
[Date "2006.04.26"]
[Round "7"]
[White "Ivanov,Al3"]
[Black "Zimmerman,Y"]
[Result "1-0"]
[WhiteElo "2375"]
[BlackElo "2396"]
[EventDate "2006.04.20"]

1. e4 d6 2. d4 Nf6 3. Nc3 g6 4. f4 Bg7 5. Nf3 c5 6. dxc5 Qa5 7. Bd3 Qxc5 8.
Qe2 Bg4 9. Be3 Qa5 10. O-O O-O 11. h3 Bxf3 12. Qxf3 Nc6 13. a3 Nd7 14. Bd2
Qd8 15. Kh1 e6 16. f5 Qh4 17. Bf4 Be5 18. Qe3 Bxf4 19. Rxf4 Qe7 20. Qg3 Kg7
21. Raf1 f6 22. Bc4 exf5 23. exf5 Nb6 24. Bd3 g5 25. Re4 Ne5 26. Ne2 d5 27.
Re3 Kh8 28. Nd4 Rf7 29. Nf3 Nbd7 30. Rfe1 a6 31. c3 Re8 32. Bb1 Qc5 33. Nd4
Rfe7 34. Ba2 Qd6 35. Rd1 Nb6 36. Ne6 Nec4 37. Qxd6 Nxd6 38. g4 Ndc4 39. Re2
Rd7 40. Kg2 Ree7 41. Kf2 Kg8 42. Rd4 h6 43. a4 a5 44. Bxc4 dxc4 45. Nc5
Rxe2+ 46. Kxe2 Re7+ 47. Kf2 Kf7 48. Rd6 Nc8 49. Rd8 Nb6 50. Rh8 Kg7 51. Rb8
h5 52. Nxb7 hxg4 53. hxg4 Nd7 54. Rd8 Ne5 55. Nxa5 Nxg4+ 56. Kf3 Nh2+ 57.
Kg3 Nf1+ 58. Kf2 Ne3 59. Nc6 Ng4+ 60. Kg3 Re4 61. Rd4 Rxd4 62. Nxd4 Ne3 63.
a5 Nd5 64. Nb5 Kh6 65. a6 Nb6 66. a7 Na8 67. Nd6 1-0

[Event "XIII TCh-RUS 1st League"]
[Site "Sochi RUS"]
[Date "2006.04.26"]
[Round "7"]
[White "Gladyszev,O"]
[Black "Smirnov,Arte"]
[Result "1/2-1/2"]
[WhiteElo "2430"]
[BlackElo "2392"]
[EventDate "2006.04.20"]

1. d4 Nf6 2. c4 e6 3. Nc3 Bb4 4. Qc2 Nc6 5. Nf3 d6 6. Bd2 Qe7 7. a3 Bxc3 8.
Bxc3 e5 9. d5 Nb8 10. e4 Nbd7 11. g3 O-O 12. Nh4 Nc5 13. Bg2 a5 14. b4 axb4
15. axb4 Rxa1+ 16. Bxa1 Na6 17. Bc3 c6 18. dxc6 bxc6 19. O-O Be6 20. Nf5
Bxf5 21. exf5 d5 22. b5 cxb5 23. cxb5 Nb8 24. Qb2 Re8 25. Re1 Nbd7 26. b6
Qd6 27. b7 Rb8 28. Ra1 Qc6 29. Ra7 h6 30. h3 Kh7 31. Kh2 Qc7 32. Ba5 Qc6
33. Qc3 Qxc3 34. Bxc3 Nc5 35. Bxe5 Rxb7 36. Rxb7 Nxb7 37. Bxf6 gxf6 38.
Bxd5 Nd6 39. g4 Kg7 40. Kg3 Nb5 41. Kf4 Nd6 42. Ke3 Kf8 43. Kd4 Ke7 44. Kc5
Ne8 45. Kc6 Nd6 46. Kc5 Ne8 47. Bc6 Nd6 48. f3 Nc8 49. Bb5 Nd6 50. Ba4 Nb7+
51. Kc6 Nd6 52. Bb3 Nc8 53. Bc4 Nd6 54. Bd3 Ne8 55. h4 Ng7 56. f4 Ne8 57.
Bb1 Ng7 58. Be4 Ne8 59. Bc2 Ng7 60. Kd5 Ne8 61. Ba4 Nd6 62. h5 Nc8 63. Bb5
Kf8 64. Kc5 Ne7 65. Ba6 Kg7 66. Kd6 Kf8 67. Bb7 Ng8 68. Kd7 Ne7 69. Kd8 Ng8
70. Be4 Ne7 71. Kd7 Ng8 72. Kd6 Ne7 73. Bb7 Ng8 74. Kd5 Ne7+ 75. Ke4 Kg7
76. Kf3 Ng8 77. Kg3 Ne7 78. Kh4 Kh7 79. Bf3 Kg7 80. Be4 Kh7 81. Kg3 Kg7 82.
Kf3 Ng8 83. Bd5 Ne7 84. Bc4 Ng8 85. Ke4 Ne7 86. Bb3 Ng8 87. Ba4 Ne7 88. Bd7
Kf8 89. g5 fxg5 90. fxg5 Nxf5 91. Kxf5 hxg5 92. Kf6 Kg8 93. Bf5 g4 94. Bxg4
Kh8 95. Bf5 Kg8 96. Be4 Kh8 97. Bd3 Kg8 98. Bg6 Kh8 1/2-1/2